Luas de Netuno - Statistics

Estatísticas Gerais
  • Esse quiz foi jogado 59 vezes
  • A pontuação média é 10 de 14
Estatísticas das Respostas
Número Nome Massa (10⁶ kg) % Correto
Netuno I Tritão 2140800
100%
Netuno IV Talassa 35
90%
Netuno VI Galateia 212
80%
Netuno IX Halimede 16
80%
Netuno XIV Hipocampo 5
80%
Netuno VII Larissa 460
80%
Netuno II Nereida 2700
80%
Netuno VIII Proteu 4400
80%
Netuno V Despina 210
70%
Netuno XII Laomedeia 5
70%
Netuno XI Sao 6
70%
Netuno III Náiade 19
60%
Netuno XIII Neso 15
50%
Netuno X Psámata 4
40%
Nenhum quiz correspondente encontrado
Distribuição das Pontuações
Porcentagem de Pessoas com Cada Pontuação
Percentil de Números Respondidos
Sua Pontuação Histórica
Você não jogou esse quiz